|
|
|
|
| LEADER |
01000cam a2200265 c 4500 |
| 001 |
024797340 |
| 003 |
DE-627 |
| 005 |
20260317133327.0 |
| 007 |
tu |
| 008 |
870129s1986 gw ||||| 00| ||ger c |
| 015 |
|
|
|a 86,A32,1231
|2 dnb
|
| 016 |
7 |
|
|a 860699846
|2 DE-101
|
| 020 |
|
|
|a 3876401909
|9 3-87640-190-9
|
| 035 |
|
|
|a (DE-627)024797340
|
| 035 |
|
|
|a (DE-603)004783182
|
| 035 |
|
|
|a (DE-576)012254347
|
| 035 |
|
|
|a (DE-599)GBV024797340
|
| 035 |
|
|
|a (OCoLC)15659966
|
| 035 |
|
|
|a (OCoLC)310729810
|
| 035 |
|
|
|a (AT-OBV)AC01436960
|
| 040 |
|
|
|a DE-627
|b ger
|c DE-627
|e rakwb
|
| 041 |
|
|
|a ger
|
| 044 |
|
|
|c XA-DE-BW
|c XA-DE-BY
|
| 050 |
|
0 |
|a DD404
|
| 082 |
0 |
|
|a B
|q OCLC
|2 19
|
| 082 |
0 |
|
|a 943.0530924
|a B
|q LoC
|2 DDC19oclc
|
| 084 |
|
|
|a GESCH 497,5 (10)
|2 sfb
|
| 084 |
|
|
|a 63
|2 sdnb
|
| 084 |
|
|
|a 1
|2 ssgn
|
| 084 |
|
|
|a NN 6530
|2 rvk
|0 (DE-625)rvk/127035:
|
| 084 |
|
|
|a 15.42
|2 bkl
|
| 084 |
|
|
|a 15.46
|2 bkl
|
| 245 |
0 |
0 |
|a Preußens großer König
|b Leben und Werk Friedrichs des Großen ; eine Ploetz-Biographie
|c hrsg. von Wilheln Treue
|
| 264 |
|
1 |
|a Freiburg [Breisgau] [u.a.]
|b Ploetz
|c 1986
|
| 300 |
|
|
|a 271 S.
|b 16 Bildtaf., sowie Kt., 1 Stammtaf. u. 1 Schaubild
|c 25 cm
|
| 336 |
|
|
|a Text
|b txt
|2 rdacontent
|
| 337 |
|
|
|a ohne Hilfsmittel zu benutzen
|b n
|2 rdamedia
|
| 338 |
|
|
|a Band
|b nc
|2 rdacarrier
|
| 361 |
1 |
|
|5 DE-35
|y 4207221247
|s 50335
|o Vorbesitz
|a Wehrbereichsbibliothek (Hannover)
|0 (DE-588)2032223-9
|0 (DE-627)102430195
|0 (DE-576)191836702
|
| 500 |
|
|
|a Mit 16 Bildtaf. sowie Kt., e. Stammtaf. u. e. Schaubild. - Literaturverz. S. 256 - 259
|
| 520 |
|
|
|a Literaturverz. S. 256 - 259
|
| 600 |
1 |
0 |
|a Frederick
|b II
|c King of Prussia
|d 1712-1786
|
| 600 |
0 |
7 |
|0 (DE-588)118535749
|0 (DE-627)133880583
|0 (DE-576)161017142
|a Friedrich
|b II.
|c Preußen, König
|d 1712-1786
|2 gnd
|
| 650 |
|
4 |
|a Friedrich <Preussen, König, II.> ; Aufsatzsammlung
|
| 651 |
|
0 |
|a Prussia (Germany)
|x Kings and rulers
|v Biography
|
| 651 |
|
0 |
|a Prussia (Germany)
|x History
|y Frederick II, 1740-1786
|
| 655 |
|
7 |
|a Aufsatzsammlung
|0 (DE-588)4143413-4
|0 (DE-627)105605727
|0 (DE-576)209726091
|2 gnd-content
|
| 655 |
|
7 |
|a Biografie
|0 (DE-588)4006804-3
|0 (DE-627)104213493
|0 (DE-576)208867147
|2 gnd-content
|
| 689 |
0 |
0 |
|D p
|0 (DE-588)118535749
|0 (DE-627)133880583
|0 (DE-576)161017142
|a Friedrich
|b II.
|c Preußen, König
|d 1712-1786
|2 gnd
|
| 689 |
0 |
|
|5 DE-101
|
| 689 |
1 |
0 |
|D p
|0 (DE-588)118535749
|0 (DE-627)133880583
|0 (DE-576)161017142
|a Friedrich
|b II.
|c Preußen, König
|d 1712-1786
|2 gnd
|
| 689 |
1 |
|
|5 (DE-627)
|
| 700 |
1 |
|
|a Treue, Wilhelm
|d 1909-1992
|e hrsg
|0 (DE-588)117415537
|0 (DE-627)078842301
|0 (DE-576)163345732
|4 edt
|
| 787 |
0 |
8 |
|i Rezension
|a Neizert, Dieter
|t Preußen
|d 1987
|w (DE-627)629517827
|
| 856 |
4 |
2 |
|u http://d-nb.info/860699846/04
|m B:DE-101
|q application/pdf
|v 20130501
|x Verlag
|3 Inhaltsverzeichnis
|7 1
|
| 856 |
4 |
2 |
|u http://scans.hebis.de/HEBCGI/show.pl?00478318_toc.pdf
|m V:DE-605
|q application/pdf
|3 Inhaltsverzeichnis
|7 1
|
| 889 |
|
|
|w (DE-627)161770487
|
| 889 |
|
|
|w (DE-627)273026879
|
| 912 |
|
|
|a GBV_ILN_11
|
| 912 |
|
|
|a ISIL_DE-1a
|
| 912 |
|
|
|a SYSFLAG_1
|
| 912 |
|
|
|a GBV_KXP
|
| 912 |
|
|
|a SSG-OPC-ANG
|
| 912 |
|
|
|a GBV_ILN_20
|
| 912 |
|
|
|a ISIL_DE-84
|
| 912 |
|
|
|a GBV_ILN_21
|
| 912 |
|
|
|a ISIL_DE-46
|
| 912 |
|
|
|a GBV_ILN_22
|
| 912 |
|
|
|a ISIL_DE-18
|
| 912 |
|
|
|a GBV_ILN_22_i30908
|
| 912 |
|
|
|a GBV_ILN_24
|
| 912 |
|
|
|a ISIL_DE-8
|
| 912 |
|
|
|a GBV_ILN_24_f040
|
| 912 |
|
|
|a GBV_ILN_24_f003
|
| 912 |
|
|
|a GBV_ILN_31
|
| 912 |
|
|
|a ISIL_DE-27
|
| 912 |
|
|
|a GBV_ILN_39
|
| 912 |
|
|
|a ISIL_DE-547
|
| 912 |
|
|
|a GBV_ILN_40
|
| 912 |
|
|
|a ISIL_DE-7
|
| 912 |
|
|
|a GBV_ILN_40_i148
|
| 912 |
|
|
|a GBV_ILN_40_i160
|
| 912 |
|
|
|a GBV_ILN_50
|
| 912 |
|
|
|a ISIL_DE-23
|
| 912 |
|
|
|a GBV_ILN_60
|
| 912 |
|
|
|a ISIL_DE-705
|
| 912 |
|
|
|a GBV_ILN_70
|
| 912 |
|
|
|a ISIL_DE-89
|
| 912 |
|
|
|a GBV_ILN_72
|
| 912 |
|
|
|a ISIL_DE-35
|
| 912 |
|
|
|a GBV_ILN_78
|
| 912 |
|
|
|a ISIL_DE-115
|
| 912 |
|
|
|a GBV_ILN_99
|
| 912 |
|
|
|a GBV_ILN_120
|
| 912 |
|
|
|a ISIL_DE-715
|
| 912 |
|
|
|a GBV_ILN_121
|
| 912 |
|
|
|a ISIL_DE-45
|
| 912 |
|
|
|a GBV_ILN_130
|
| 912 |
|
|
|a ISIL_DE-700
|
| 912 |
|
|
|a GBV_ILN_131
|
| 912 |
|
|
|a ISIL_DE-Va1
|
| 912 |
|
|
|a GBV_ILN_135
|
| 912 |
|
|
|a ISIL_DE-Ha91
|
| 912 |
|
|
|a GBV_ILN_162
|
| 912 |
|
|
|a ISIL_DE-Bv3
|
| 912 |
|
|
|a GBV_ILN_227
|
| 912 |
|
|
|a ISIL_DE-56
|
| 912 |
|
|
|a GBV_ILN_244
|
| 912 |
|
|
|a ISIL_DE-B41
|
| 912 |
|
|
|a GBV_ILN_294
|
| 912 |
|
|
|a GBV_ILN_294_WS004
|
| 912 |
|
|
|a GBV_ILN_350
|
| 912 |
|
|
|a ISIL_DE-2795
|
| 912 |
|
|
|a GBV_ILN_350_
|
| 912 |
|
|
|a GBV_ILN_697
|
| 912 |
|
|
|a ISIL_DE-Y8
|
| 912 |
|
|
|a GBV_ILN_737
|
| 912 |
|
|
|a GBV_ILN_807
|
| 912 |
|
|
|a ISIL_DE-Wb1
|
| 912 |
|
|
|a GBV_ILN_2001
|
| 912 |
|
|
|a ISIL_DE-21
|
| 912 |
|
|
|a GBV_ILN_2002
|
| 912 |
|
|
|a ISIL_DE-21-32c
|
| 912 |
|
|
|a GBV_ILN_2003
|
| 912 |
|
|
|a ISIL_DE-25
|
| 912 |
|
|
|a GBV_ILN_2005
|
| 912 |
|
|
|a ISIL_DE-291
|
| 912 |
|
|
|a GBV_ILN_2006
|
| 912 |
|
|
|a ISIL_DE-14
|
| 912 |
|
|
|a GBV_ILN_2007
|
| 912 |
|
|
|a ISIL_DE-352
|
| 912 |
|
|
|a GBV_ILN_2008
|
| 912 |
|
|
|a ISIL_DE-24
|
| 912 |
|
|
|a GBV_ILN_2009
|
| 912 |
|
|
|a ISIL_DE-180
|
| 912 |
|
|
|a GBV_ILN_2011
|
| 912 |
|
|
|a ISIL_DE-16
|
| 912 |
|
|
|a GBV_ILN_2012
|
| 912 |
|
|
|a ISIL_DE-16-34
|
| 912 |
|
|
|a GBV_ILN_2015
|
| 912 |
|
|
|a ISIL_DE-93
|
| 912 |
|
|
|a GBV_ILN_2016
|
| 912 |
|
|
|a ISIL_DE-93-114
|
| 912 |
|
|
|a GBV_ILN_2018
|
| 912 |
|
|
|a ISIL_DE-31
|
| 912 |
|
|
|a GBV_ILN_2019
|
| 912 |
|
|
|a ISIL_DE-Tue135
|
| 912 |
|
|
|a GBV_ILN_2023
|
| 912 |
|
|
|a ISIL_DE-Ka26
|
| 912 |
|
|
|a GBV_ILN_2030
|
| 912 |
|
|
|a ISIL_DE-77-004
|
| 912 |
|
|
|a GBV_ILN_2032
|
| 912 |
|
|
|a ISIL_DE-122
|
| 912 |
|
|
|a GBV_ILN_2035
|
| 912 |
|
|
|a ISIL_DE-Sp3
|
| 912 |
|
|
|a GBV_ILN_2042
|
| 912 |
|
|
|a ISIL_DE-M504111
|
| 912 |
|
|
|a GBV_ILN_2056
|
| 912 |
|
|
|a ISIL_DE-2491
|
| 912 |
|
|
|a GBV_ILN_2066
|
| 912 |
|
|
|a ISIL_DE-Mh34
|
| 912 |
|
|
|a GBV_ILN_2211
|
| 912 |
|
|
|a ISIL_DE-Stg256
|
| 912 |
|
|
|a GBV_ILN_2570
|
| 912 |
|
|
|a ISIL_DE-364
|
| 935 |
|
|
|a RFBW
|a mteo
|
| 935 |
|
|
|i Blocktest
|
| 936 |
r |
v |
|a NN 6530
|b Darstellungen
|k Geschichte
|k Neuere Geschichte
|k Zeitalter des Absolutismus (1648 - 1789)
|k Geschichte von 1740 bis 1789
|k Reichsgeschichte
|k Friedrich <Preußen, König, II.>
|k Darstellungen
|0 (DE-627)1271467224
|0 (DE-625)rvk/127035:
|0 (DE-576)201467224
|
| 936 |
b |
k |
|a 15.42
|j Deutsche Geschichte 1500-1800
|0 (DE-627)181569736
|
| 936 |
b |
k |
|a 15.46
|j Brandenburg
|j Preußen
|j Berlin
|x Deutsche Geschichte
|0 (DE-627)181569698
|
| 936 |
s |
n |
|a n100
|2 mzub
|
| 951 |
|
|
|a BO
|
| 953 |
|
|
|2 045F
|a B
|
| 953 |
|
|
|2 045F
|a 943.0530924
|
| 980 |
|
|
|2 11
|1 01
|x 0001
|b 020280491
|c 00
|f 2:HB7
|d HB 7 Gi 739
|e s
|j --%%--
|c 09
|f --%%--
|d 717864
|e --%%--
|j --%%--
|y r
|z 10-09-86
|
| 980 |
|
|
|2 20
|1 01
|x 0084
|b 031951791
|c 00
|f --%%--
|d 2689-3482
|e --%%--
|j --%%--
|y n
|z 24-04-91
|
| 980 |
|
|
|2 21
|1 01
|x 0046
|b 184394066
|c 00
|f E03
|d a his 118 m/461
|e u
|j --%%--
|y xza
|z 02-06-72
|
| 980 |
|
|
|2 22
|1 01
|x 0018
|b 081460635
|c 00
|f SUB
|d A 1987/282
|e u
|j --%%--
|y zu
|z 23-10-87
|
| 980 |
|
|
|2 22
|1 02
|x 0018
|b 554291398
|c 00
|f 18/309-GE
|d his 116/7 FNZ
|e c
|j --%%--
|c 04
|f 18/309-h
|d his 116/7 FNZ
|e i
|j --%%--
|y zi30908
|z 02-05-02
|
| 980 |
|
|
|2 24
|1 01
|x 0008
|b 002200082
|c 00
|f 10 gsd 674
|d AP 1381
|e u
|j --%%--
|h hb
|y zz1
|z 20-04-96
|
| 980 |
|
|
|2 24
|1 02
|x 0008
|b 398427070
|c 00
|f 8/40
|d Nc 7053/5
|e i
|j --%%--
|h ha
|y kf040
|z 26-07-00
|
| 980 |
|
|
|2 24
|1 04
|x 0008
|b 917305914
|c 00
|f 8/3
|d Hist. Pol. III 64,5
|e i
|j --%%--
|h ca
|y kf003
|z 15-01-09
|
| 980 |
|
|
|2 31
|1 01
|x 0027
|b 823582728
|c 00
|f J 23
|d HIS:OS:720:::1986
|e d
|j --%%--
|y z
|z 27-07-07
|
| 980 |
|
|
|2 39
|1 01
|x 0547
|b 268380740
|c 00
|f MAG
|d 357927
|e u
|j --%%--
|c 05
|f --%%--
|d PH Erfurt (Geschichte)
|e --%%--
|j --%%--
|y zep01
|z 19-12-97
|
| 980 |
|
|
|2 40
|1 01
|x 0007
|b 031951767
|c 00
|f LS1
|d PNN 6530 = 87 A 10785
|e u
|j --%%--
|c 09
|f --%%--
|d 87 A 10785
|e --%%--
|j --%%--
|y ksn
|z 16-09-94
|
| 980 |
|
|
|2 40
|1 02
|x 7/148
|b 031951848
|c 00
|f BBWISO
|d 16 : D 0252 Kön
|e i
|j --%%--
|y ri148
|z 09-03-04
|
| 980 |
|
|
|2 40
|1 03
|x 7/044
|b 354108824
|c 00
|f BBW-DID
|d Sem Gesch 3423 Tre
|e c
|j --%%--
|y ki160
|z 25-08-99
|
| 980 |
|
|
|2 50
|1 01
|x 0023
|b 031951775
|c 00
|f --%%--
|d 36.3351
|e u
|j --%%--
|y n
|z 07-10-88
|
| 980 |
|
|
|2 60
|1 01
|x 0705
|b 031951821
|c 00
|f PAE
|d HIS 275:R0001
|e u
|j --%%--
|y n
|z 01-01-92
|
| 980 |
|
|
|2 70
|1 02
|x 89/19
|b 605822166
|c 00
|f FBSBB
|d Hist 5413/75
|e u
|j --%%--
|y ksg
|z 24-06-03
|
| 980 |
|
|
|2 72
|1 01
|x 0035
|b 031951783
|c 00
|f ZEN
|d 86/10980
|e u
|j --%%--
|y nz
|z 16-12-86
|
| 980 |
|
|
|2 72
|1 03
|x 0035
|b 4207221247
|c 00
|f WBB
|d 50335
|e u
|j --%%--
|h er
|k Depositum des Zentrums für Militärgeschichte und Sozialwissenschaften der Bundeswehr
|y rz
|z 07-11-22
|
| 980 |
|
|
|2 78
|1 01
|x 0115
|a 1
|b 4335233302
|c 00
|f Stadtbibliothek
|d Gesch 497,5/13
|e u
|j --%%--
|y n
|z 27-04-20
|
| 980 |
|
|
|2 99
|1 01
|x 3099/2
|b 598630589
|c 00
|f RHI
|d AP 1134-18
|e i
|j --%%--
|y zi2
|z 16-04-03
|
| 980 |
|
|
|2 120
|1 01
|x 0715
|b 78503160X
|c 00
|f --%%--
|d N his 118 BJ 5146
|e g
|j --%%--
|h alma
|y z
|z 21-03-02
|
| 980 |
|
|
|2 121
|1 01
|x 0045
|b 786672927
|c 00
|f --%%--
|d 86-2682
|e u
|j --%%--
|h alma
|y z
|z 21-03-02
|
| 980 |
|
|
|2 130
|1 01
|x 0700
|b 031951813
|c 00
|f B
|d LZN N 4396-344 7
|e u
|j --%%--
|y nb
|z 31-08-92
|
| 980 |
|
|
|2 131
|1 01
|x 3131
|b 145011437
|c 00
|f Lesebereich
|d LSGpre = 205184
|e u
|j --%%--
|y r
|z 01-07-97
|
| 980 |
|
|
|2 135
|1 01
|x 3313
|b 4400804887
|c 00
|f AR
|d W/1558
|e i
|j --%%--
|y k
|z 02-11-23
|
| 980 |
|
|
|2 162
|1 01
|x 3162
|b 4770936524
|c 00
|f --%%--
|d 25-196
|e d
|j --%%--
|y z
|z 11-09-25
|
| 980 |
|
|
|2 227
|1 01
|x 0056
|b 160065488
|c 00
|f --%%--
|d I 101-361
|e --%%--
|j --%%--
|y x
|z 05-10-92
|
| 980 |
|
|
|2 244
|1 01
|x 3244
|b 843293519
|c 00
|f --%%--
|d 14a 500/511
|e i
|j --%%--
|y z
|z 05-11-07
|
| 980 |
|
|
|2 294
|1 01
|x 3294/004
|b 1603268030
|c 00
|f TLDA-EF
|d D 910 (Friedrich II. <der Große>/<Preußen/König>)
|e i
|j --%%--
|y rWS004
|z 23-02-16
|
| 980 |
|
|
|2 350
|1 01
|x 8293
|b 098037056
|c 00
|f LESESAAL
|d Cef 53
|e i
|j --%%--
|y n
|z 30-04-99
|
| 980 |
|
|
|2 697
|1 01
|x 4697
|b 1475821298
|c 00
|f MA
|d DD 404 .P95
|e u
|j --%%--
|y z
|z 14-05-14
|
| 980 |
|
|
|2 737
|1 01
|x 4737/006
|b 4300632111
|c 00
|f pmm-bib
|d NN 6530 Tre 1986
|e u
|j --%%--
|y zpmm
|z 31-03-23
|
| 980 |
|
|
|2 807
|1 01
|x 3807
|b 73891648X
|c 00
|f PS
|d 2002-1198
|e u
|j --%%--
|y z1
|z 06-10-05
|
| 980 |
|
|
|2 2001
|1 01
|x DE-21
|b 3246053170
|c 00
|f --%%--
|d 27 A 767
|e --%%--
|j --%%--
|y l01
|z 28-12-93
|
| 980 |
|
|
|2 2002
|1 01
|x DE-21-32c
|b 3246053219
|c 00
|f --%%--
|d Hc f 1634
|e p
|j --%%--
|y l01
|z 05-02-14
|
| 980 |
|
|
|2 2003
|1 01
|x DE-25
|b 3246053308
|c 00
|f --%%--
|d GE 86/3614
|e --%%--
|j --%%--
|y l01
|z 20-07-93
|
| 980 |
|
|
|2 2005
|1 01
|x DE-291
|b 3246053367
|c 00
|f --%%--
|d 87-4565
|e --%%--
|j --%%--
|y l01
|z 13-02-99
|
| 980 |
|
|
|2 2006
|1 01
|x DE-14
|b 3246053448
|c 00
|f --%%--
|d 96 8 15850
|e --%%--
|j --%%--
|k LSTO: 02,26
|y l01
|z 17-06-96
|
| 980 |
|
|
|2 2006
|1 02
|x DE-14
|b 3246053464
|c 00
|f --%%--
|d --%%--
|e --%%--
|j --%%--
|y l02
|z 14-11-00
|
| 980 |
|
|
|2 2007
|1 01
|x DE-352
|b 3246053510
|c 00
|f --%%--
|d --%%--
|e --%%--
|j --%%--
|y l01
|z 28-10-86
|
| 980 |
|
|
|2 2008
|1 01
|x DE-24
|b 3246053596
|c 00
|f --%%--
|d 36/7497
|e --%%--
|j --%%--
|k co
|y l01
|z 26-10-01
|
| 980 |
|
|
|2 2009
|1 01
|x DE-180
|b 3246053669
|c 00
|f 300
|d 300 NN 6530 T811
|e --%%--
|j n
|y l01
|z 04-03-16
|
| 980 |
|
|
|2 2011
|1 01
|x DE-16
|b 3246053731
|c 00
|f --%%--
|d 86 A 5416
|e --%%--
|j --%%--
|y l01
|z 02-03-87
|
| 980 |
|
|
|2 2012
|1 01
|x DE-16-34
|b 3246053847
|c 00
|f --%%--
|d Fz 279
|e p
|j --%%--
|y l01
|z 20-08-06
|
| 980 |
|
|
|2 2015
|1 01
|x DE-93
|b 3246053952
|c 00
|f --%%--
|d 3G 5786
|e --%%--
|j --%%--
|c 01
|f --%%--
|d FHZ:Wn 6530 T811
|e --%%--
|j --%%--
|k 1. Ex. in Freihand Zentrale
|y l01
|z 04-12-92
|
| 980 |
|
|
|2 2016
|1 01
|x DE-93-114
|b 3246054037
|c 00
|f --%%--
|d Nd 8866
|e p
|j --%%--
|k Acc.1988/833
|y l01
|z 11-04-95
|
| 980 |
|
|
|2 2018
|1 01
|x DE-31
|b 3246054134
|c 00
|f --%%--
|d 86 A 8204
|e --%%--
|j --%%--
|y l01
|z 28-10-99
|
| 980 |
|
|
|2 2019
|1 01
|x DE-Tü135
|b 4488246478
|c 00
|f --%%--
|d --%%--
|e --%%--
|j n
|y l01
|z 20-02-24
|
| 980 |
|
|
|2 2023
|1 01
|x DE-Ka26
|b 3246054177
|c 00
|f --%%--
|d BF 250/007
|e --%%--
|j --%%--
|y l01
|z 03-05-96
|
| 980 |
|
|
|2 2030
|1 01
|x DE-77-004
|b 488772473X
|c 00
|f Standort Mittlere und Neuere Geschichte
|d Pe 393
|e --%%--
|j n
|y l01
|z 02-04-02
|
| 980 |
|
|
|2 2032
|1 01
|x DE-122
|b 3246054258
|c 00
|f --%%--
|d --%%--
|e --%%--
|j --%%--
|k Eine Sammlung von 20 Aufsätzen zu verschiedenen Einzelaspekten friderizianischer Außen- und Innenpolitik
|y l01
|z 24-05-93
|
| 980 |
|
|
|2 2035
|1 01
|x DE-Sp3
|b 3246054363
|c 00
|f --%%--
|d --%%--
|e p
|j --%%--
|y l01
|z 09-07-98
|
| 980 |
|
|
|2 2042
|1 01
|x DE-M504111
|b 3246054495
|c 00
|f --%%--
|d --%%--
|e --%%--
|j n
|y l01
|z 05-02-19
|
| 980 |
|
|
|2 2056
|1 01
|x DE-2491
|b 3807852778
|c 00
|f --%%--
|d Jh 1762
|e --%%--
|j n
|y l01
|z 23-07-20
|
| 980 |
|
|
|2 2066
|1 01
|x DE-Mh34
|b 3246054568
|c 00
|f --%%--
|d G 19 Fri / 65
|e --%%--
|j --%%--
|y l01
|z 02-05-94
|
| 980 |
|
|
|2 2211
|1 01
|x DE-Stg256
|b 3246054630
|c 00
|f --%%--
|d 2100/210
|e p
|j n
|y l01
|z 20-11-08
|
| 980 |
|
|
|2 2570
|1 01
|x DE-364
|b 4819090453
|c 00
|f --%%--
|d Ac 40/13
|e --%%--
|j --%%--
|y l01
|z 02-12-25
|
| 982 |
|
|
|2 22
|1 01
|x 0018
|8 00
|0 (DE-627)050887696
|a Friedrich II., König von Preussen
|
| 982 |
|
|
|2 294
|1 01
|x 3294/004
|8 00
|a Friedrich II. der Große Königreich Preußen Adel Biografie
|
| 982 |
|
|
|2 294
|1 01
|x 3294/004
|8 01
|a Staatsgeschichte Wirtschaftsgeschichte Militärgeschichte
|
| 982 |
|
|
|2 294
|1 01
|x 3294/004
|8 02
|a Kunstgeschichte Deutschland Stammtafel Genealogie
|
| 982 |
|
|
|2 294
|1 01
|x 3294/004
|8 03
|a Hohenzollern
|
| 982 |
|
|
|2 350
|1 01
|x 8293
|8 00
|a Friedrich <Preußen, König, II.>
|
| 982 |
|
|
|2 350
|1 01
|x 8293
|8 00
|a Preußen
|
| 982 |
|
|
|2 350
|1 01
|x 8293
|8 00
|a 18. Jh.
|
| 982 |
|
|
|2 2011
|1 01
|x DE-16
|8 00
|s p
|a Friedrich <Preußen, König, II.>
|
| 983 |
0 |
0 |
|2 11
|1 00
|x DE-1a
|8 13
|0 (DE-627)089316320
|a HB 7 Gi 0700 - 0799
|
| 983 |
0 |
0 |
|2 11
|1 00
|x DE-1a
|8 50
|a HB 07 Gi 0739 Preußens großer König : Leben u. Werk Friedrichs d. Großen ; e. Ploetz-Biographie ... 1986
|
| 983 |
0 |
0 |
|2 11
|1 00
|x DE-1a
|8 52
|a HB 07 Gi 0739# Preußens großer König : Leben u. Werk Friedrichs ...
|
| 983 |
|
|
|2 11
|1 00
|x DE-1a
|8 00
|0 (DE-627)284829005
|a Ges Da Preußen 2363 Friedrich II. König von Preußen
|
| 983 |
|
|
|2 11
|1 00
|x DE-1a
|8 01
|0 (DE-627)284829013
|a Preußen; Ges 2363 Friedrich II. König von Preußen
|
| 983 |
|
|
|2 11
|1 00
|x DE-1a
|8 02
|0 (DE-627)284860271
|a Friedrich II. König von Preußen; <66>
|
| 983 |
|
|
|2 21
|1 00
|x DE-46
|8 30
|a his 118 m
|
| 983 |
|
|
|2 21
|1 00
|x DE-46
|8 31
|a his 116 m
|
| 983 |
|
|
|2 21
|1 00
|x DE-46
|8 99
|a 24
|
| 983 |
|
|
|2 22
|1 01
|x 0018
|8 00
|a 671.29
|
| 983 |
|
|
|2 24
|1 01
|x 0008
|8 50
|0 (DE-627)25304166X
|a gsd 674.50
|b Preussen
|b Geschichte 1740-1786
|
| 983 |
|
|
|2 24
|1 01
|x 0008
|8 70
|0 (DE-627)525389687
|a gsd 674
|b Preussen
|b Geschichte 1740-1786
|
| 983 |
|
|
|2 24
|1 04
|x 0008
|8 00
|a retro003
|
| 983 |
|
|
|2 39
|1 00
|x DE-547
|8 01
|a NN 6530
|
| 983 |
|
|
|2 40
|1 00
|x DE-7
|8 00
|0 (DE-627)621354074
|a PIH 800
|b Personen {Deutsche Geschichte: 1648-1789}
|
| 983 |
|
|
|2 60
|1 00
|x DE-705
|8 04
|a HIS 275
|
| 983 |
|
|
|2 120
|1 00
|x DE-715
|8 00
|a his 118
|
| 983 |
|
|
|2 120
|1 01
|x 0715
|8 00
|a his 118
|
| 983 |
|
|
|2 130
|1 00
|x DE-700
|8 00
|a LZN N
|
| 983 |
|
|
|2 131
|1 00
|x DE-Va1
|8 00
|a LSG
|
| 983 |
|
|
|2 162
|1 00
|x DE-Bv3
|8 00
|a 02-1
|
| 983 |
|
|
|2 162
|1 00
|x DE-Bv3
|8 00
|a 14-2.1
|
| 983 |
|
|
|2 162
|1 00
|x DE-Bv3
|8 01
|a Friedrich II
|
| 983 |
|
|
|2 2066
|1 01
|x DE-Mh34
|8 00
|0 (DE-627)1292368969
|a G 19 Fri
|
| 984 |
|
|
|2 11
|1 01
|x 0001
|a 129894771010
|
| 984 |
|
|
|2 20
|1 01
|x 0084
|a 84$026893482
|
| 984 |
|
|
|2 22
|1 01
|x 0018
|a 8741002820
|
| 984 |
|
|
|2 22
|1 02
|x 0018
|a 071877219
|
| 984 |
|
|
|2 24
|1 01
|x 0008
|a 8$0011898445
|
| 984 |
|
|
|2 31
|1 01
|x 0027
|a 27$02171391X
|
| 984 |
|
|
|2 39
|1 01
|x 0547
|a 547$000980153
|
| 984 |
|
|
|2 40
|1 01
|x 0007
|a 7$100671012
|
| 984 |
|
|
|2 40
|1 02
|x 7/148
|a 7/148$00124737
|
| 984 |
|
|
|2 40
|1 03
|x 7/044
|a 000072886
|
| 984 |
|
|
|2 50
|1 01
|x 0023
|a 23$00946885
|
| 984 |
|
|
|2 60
|1 01
|x 0705
|a 705/0$22173919
|
| 984 |
|
|
|2 70
|1 02
|x 89/19
|a 89$124396615
|
| 984 |
|
|
|2 72
|1 01
|x 0035
|a 35$001276670
|
| 984 |
|
|
|2 99
|1 01
|x 3099/2
|a 3099$100412
|
| 984 |
|
|
|2 120
|1 01
|x 0715
|a 04675733
|
| 984 |
|
|
|2 121
|1 01
|x 0045
|a 45$500760918
|
| 984 |
|
|
|2 130
|1 01
|x 0700
|a 700$43963447
|
| 984 |
|
|
|2 131
|1 01
|x 3131
|a VA1$02051840
|
| 984 |
|
|
|2 135
|1 01
|x 3313
|a 0000081260
|
| 984 |
|
|
|2 227
|1 01
|x 0056
|a 56$000033019
|
| 984 |
|
|
|2 350
|1 01
|x 8293
|a 8293000009612
|
| 984 |
|
|
|2 737
|1 01
|x 4737/006
|a 02017556
|
| 984 |
|
|
|2 2012
|1 01
|x DE-16-34
|a 607501030
|
| 985 |
|
|
|2 21
|1 01
|x 0046
|a vc 7461
|
| 985 |
|
|
|2 22
|1 02
|x 0018
|a 626/86
|
| 985 |
|
|
|2 24
|1 04
|x 0008
|a 1987/173
|
| 985 |
|
|
|2 31
|1 01
|x 0027
|a D 70949
|
| 985 |
|
|
|2 39
|1 01
|x 0547
|a PH01-1995030794
|
| 985 |
|
|
|2 40
|1 02
|x 7/148
|a 88/5407
|
| 985 |
|
|
|2 40
|1 03
|x 7/044
|a 86.3237
|
| 985 |
|
|
|2 50
|1 01
|x 0023
|a 36.3351
|
| 985 |
|
|
|2 60
|1 01
|x 0705
|a R 632/m
|
| 985 |
|
|
|2 70
|1 02
|x 89/19
|a BBG 2003-0978
|
| 985 |
|
|
|2 72
|1 01
|x 0035
|a 1986.8075
|
| 985 |
|
|
|2 99
|1 01
|x 3099/2
|a 469-1986
|
| 985 |
|
|
|2 130
|1 01
|x 0700
|a 4396-344 7
|
| 985 |
|
|
|2 131
|1 01
|x 3131
|a 205184
|
| 985 |
|
|
|2 135
|1 01
|x 3313
|a 2023/1706
|
| 985 |
|
|
|2 162
|1 01
|x 3162
|a II B 25-0196
|
| 985 |
|
|
|2 227
|1 01
|x 0056
|a 86.3372
|
| 985 |
|
|
|2 244
|1 01
|x 3244
|a 406/86
|
| 985 |
|
|
|2 294
|1 01
|x 3294/004
|a 54/2016
|
| 985 |
|
|
|2 350
|1 01
|x 8293
|a 86/1914
|
| 985 |
|
|
|2 697
|1 01
|x 4697
|a 1987/1454
|
| 985 |
|
|
|2 737
|1 01
|x 4737/006
|a B 6/2023/17
|
| 985 |
|
|
|2 807
|1 01
|x 3807
|a 2002-1198
|
| 985 |
|
|
|2 2002
|1 01
|x DE-21-32c
|a 86/242
|
| 985 |
|
|
|2 2012
|1 01
|x DE-16-34
|a 520/1986
|
| 985 |
|
|
|2 2056
|1 01
|x DE-2491
|a 87.2539
|
| 985 |
|
|
|2 2570
|1 01
|x DE-364
|a 96.3565
|
| 995 |
|
|
|2 24
|1 01
|x 0008
|a hb
|
| 995 |
|
|
|2 24
|1 02
|x 0008
|a ha
|
| 995 |
|
|
|2 24
|1 04
|x 0008
|a ca
|
| 995 |
|
|
|2 72
|1 03
|x 0035
|a er
|
| 995 |
|
|
|2 120
|1 01
|x 0715
|a alma
|
| 995 |
|
|
|2 121
|1 01
|x 0045
|a alma
|
| 998 |
|
|
|2 31
|1 01
|x 0027
|a HIS 200708
|